| 000 | 00681nam a2200157Ia 4500 | ||
|---|---|---|---|
| 008 | 081213s9999 xx 000 0 und d | ||
| 050 |
_aBS455 _b.K35 1997 |
||
| 100 | _aKalugila. L. | ||
| 245 |
_aHistoria ya tafsiri za Kiswahili za Bibilia _cLeonidas kalugulu |
||
| 260 |
_c1997 _aNairobi _bKenpack Manufactures &Printers Ltd |
||
| 300 |
_a52 p.; _c22cm |
||
| 650 |
_2Bible-kiswahili _aHistory |
||
| 942 |
_cBK _2lcc |
||
| 999 |
_c26735 _d26735 |
||